| 000 | 00879cam a2200301 i 4500 | ||
|---|---|---|---|
| 999 |
_c200445328 _d63540 |
||
| 003 | TR-AnTOB | ||
| 005 | 20220802114649.0 | ||
| 007 | ta | ||
| 008 | 500101s1962 enk 000 0 eng d | ||
| 010 | _aGB62-15451 | ||
| 035 | _aOCLC ocm30214379 from D950523M | ||
| 040 |
_aUKM _beng _erda _cUKM _dEQO _dTR-AnTOB |
||
| 041 | 0 | _aeng | |
| 050 | 4 |
_aPE1481 _b.C66 1963 |
|
| 090 |
_aPE1481 _b.C66 1963 |
||
| 092 | _aD0502571342 | ||
| 245 | 0 | 4 | _aThe complete guide to letter-writing. |
| 250 | _aRevised, extended and improved throughout | ||
| 264 | 1 |
_aLondon : _bFrederick Warne & Co., Ltd., _c1963. |
|
| 300 |
_a1 volume (various pagings) ; _c19 cm |
||
| 336 |
_atext _btxt _2rdacontent |
||
| 337 |
_aunmediated _bn _2rdamedia |
||
| 338 |
_avolume _bnc _2rdacarrier |
||
| 650 | 0 |
_aLetter writing _9137955 |
|
| 942 |
_2lcc _cBK |
||